| 000 | 00626nam a2200241Ia 4500 | ||
|---|---|---|---|
| 001 | 8835 | ||
| 005 | 20240113234136.0 | ||
| 007 | ta | ||
| 008 | 050721s1952 a g b000 u eng u | ||
| 040 | _aCotton College,Assam | ||
| 041 | _aeng | ||
| 082 |
_a821.9109 _bL 528 Ed |
||
| 100 | _aLehmann, John . | ||
| 245 | 0 |
_aEdith Sitwell / _cJohn Lehmann. _hTextual Documents |
|
| 250 | _a1st ed. / | ||
| 260 |
_aNew York : _bBritish Council , _c1952. |
||
| 300 |
_a40p. : _bill. ; _c20cm . |
||
| 653 | _aEnglish poetry-Criticism | ||
| 653 | _aMS-English | ||
| 942 |
_2ddc _cBK |
||
| 999 |
_c8822 _d8822 |
||